000 00553cam a22002053a 4500
001 45753
003 PGUSA
005 20140828084048.0
008 140525s2014||||xxu|||||s|||||000 | eng d
040 _aPGUSA
_beng
042 _adc
100 1 _aSand, George,
_d1804-1876
245 1 0 _aTamaris
_h[electronic resource] /
_cGeorge Sand
260 _bProject Gutenberg,
_c2014
506 _aPublic domain in the USA.
516 _aElectronic text
830 0 _aProject Gutenberg
_v45753
856 4 0 _uhttp://www.gutenberg.org/ebooks/45753
942 _cEB
999 _c275003
_d275003